| 000 | 00342nam a2200145Ia 4500 | ||
|---|---|---|---|
| 008 | 250407s9999||||xx |||||||||||||| ||und|| | ||
| 020 | _a9789359301617 | ||
| 082 |
_a346.7307 _bKUC/B |
||
| 100 | _aKuchhal,M C | ||
| 245 | 0 | _aBusiness Law | |
| 250 | _a9th Edition | ||
| 260 |
_aNoida _bVikas Pub. House _c2024 |
||
| 300 | _a471p. | ||
| 942 | _cBK | ||
| 999 |
_c48108 _d48108 |
||